| 000 | 01141cad a22002175a 4500 | ||
|---|---|---|---|
| 001 | L142015 | ||
| 008 | 080121e20080117 d f s 000 0 eng d | ||
| 035 | _a(Sirsi) u142015 | ||
| 041 | 0 | _aeng | |
| 110 | 2 |
_aEurostat _91416 |
|
| 245 | 0 | 0 |
_aConstruction output down by 0.8% _h[electronic resource] |
| 260 | _c2008 | ||
| 490 | 0 |
_aEurostat News Release _v(10/2008) 17 January 2008 |
|
| 520 | _aReveals that seasonally adjusted production in the construction sector decreased by 0.8% in the euro area and by 0.2% in the EU27 in November 2007, compared to October 2007. Compared to November 2006, output in November 2007 fell by 0.8% in the euro area, but was up by 0.8% in the EU27. Tables show monthly, quarterly, and annual variation in construction output and monthly and quarterly production indices for total construction for individual member states. | ||
| 590 | _aKA | ||
| 650 | 2 | 4 | _aEUROSTAT MONTHLY CONSTRUCTION INDEX |
| 651 | 4 | _aEuropean Union | |
| 690 | _aBUILT ENVIRONMENT-CONSTRUCTION MARKET | ||
| 856 | 4 | 0 |
_uhttps://epp.eurostat.ec.europa.eu _zView the item free of charge at http://epp.eurostat.ec.europa.eu... |
| 942 | _n0 | ||
| 999 |
_c79701 _d79701 |
||